000 00373nam a2200145Ia 4500
003 OSt
005 20240309161230.0
008 170523s9999 xx 000 0 und d
020 _a9789380712031
040 _cIIMT UNIVERSITY
100 _aYadav-K.S.
245 0 _aBasic Civil Engineering & Engineering Mechanics
260 _aNew Delhi : Vayu Education
942 _2ddc
_c02
999 _c11668
_d11668